000 00908nam a22002417a 4500
999 _c93127
_d93127
005 20230417111612.0
010 _aENG-112738 ENG-136684
020 _a9789384390020
_c1500.00
035 _aEN-96270 EN-120216
037 _bDBAD/PUB
082 _a362.10973
100 _aToussaint, John
245 _aOn the mend :
_cby John Toussaint Roger, A. Gerand [and]
_brevolutionizing healthcare to save lives and transform the industry /
260 _aNew Delhi
_bLean Management Institute
_c2014
270 _a3rd Floor, Select City Walk, A-3 District Centre, Saket,
_bNew Delhi
_e110017
300 _aix,185p. :
_c22cm(pbk)
_bill.
650 _a Health care reform
_zUnited States.
650 _a Medical care, Cost of
_zUnited States
_xEvaluation
650 _aOrganizational behavior.
700 _aGerard, Roger A.
700 _aAdams,Emily
942 _2ddc
_cEN
_mTOU
_h362.10973